NTC's Dictionary of Acronyms and Abbreviations
Gespeichert in:
| Weitere Verfasser: | |
|---|---|
| Format: | Buch |
| Sprache: | Englisch |
| Veröffentlicht: |
Lincolnwood
NTC Publ. Group
1995
|
| Ausgabe: | 1. ed. |
| Schlagworte: | |
| Tags: |
Keine Tags, Fügen Sie das erste Tag hinzu!
|
MARC
| LEADER | 00000nam a2200000 4500 | ||
|---|---|---|---|
| 001 | c014288 | ||
| 005 | 20230120072524.5 | ||
| 020 | |a 0-8442-5376-6 | ||
| 041 | 0 | |a eng | |
| 044 | |a US | ||
| 245 | 1 | 0 | |a NTC's Dictionary of Acronyms and Abbreviations |c Hl. zost. Steven Racek Kleinedler |
| 250 | |a 1. ed. | ||
| 264 | 1 | |a Lincolnwood |b NTC Publ. Group |c 1995 | |
| 300 | |a 311 s. | ||
| 610 | 2 | 0 | |a jazykoveda |
| 610 | 2 | 0 | |a angličtina |
| 700 | 1 | |a Kleinedler, Steven Racek | |